Assessing and treating culturally diverse clients: a practical guide/

Kaydedildi:
Detaylı Bibliyografya
Yazar: PANIAGUA, Freddy A.
Materyal Türü: Kitap
Dil:İngilizce
Baskı/Yayın Bilgisi: SAGE, 2014
Etiketler: Etiketle
Etiket eklenmemiş, İlk siz ekleyin!

MARC

LEADER 00000nam a22000007a 4500
008 210819b ||||| |||| 00| 0 eng d
020 |a ISBN: 978-1-4129-9977-9 
100 |a PANIAGUA, Freddy A. 
245 |a Assessing and treating culturally diverse clients:   |b a practical guide/  |c  Freddy A. Paniagua  |g  xxiv, 391p. 
250 |b  4th ed.-  
260 |b SAGE,   |c  2014  |h  Los Angeles  |i 692816 – EDU.   |i 692817  |l BF637 .C6P19  |m 1. Cross-cultural counselling – United States.  |m I. Title.  |m II. Series. 
500 |a “It includes index and references” 
942 |a lcc  |c BK  |e j. o. ifatola  |f 19/ 08/ 2021 
952 |0 0  |1 0  |2 lcc  |4 0  |6 BF0637 C6 P19  |7 0  |9 3155  |a ED  |b HOL  |c AF  |d 2021-08-19  |l 0  |o BF637 .C6P19  |p 2021-66853  |r 2021-08-19 00:00:00  |w 2021-08-19  |y BK 
952 |0 0  |1 0  |2 lcc  |4 0  |6 BF0637 C6 P19  |7 0  |9 3156  |a ED  |b HOL  |c AF  |d 2021-08-19  |l 0  |o BF637 .C6P19  |p 2021-66854  |r 2021-08-19 00:00:00  |w 2021-08-19  |y BK 
999 |c 1596  |d 1596